LDR 02194namaa2200421 i 4500 001 000000178683 003 CaOOAMICUS 005 20260423131411.0 008 260422s2026 it u000 u ita r 020 $z979-12-5627-154-2* 040 $aPUL$bita 082 04$a195 100 1 $aGoggi, Giulio,$d1969-,$eautore.$0(OLS)http://pul/name/71721 245 10$aEmanuele Severino :$bil filosofo dell'eternità /$cGiulio Goggi; prefazioni: Graham Priest, Ines Testoni, Damiano Sacco; postfazioni: Emanuele Severino (inedita), Leonardo Messinese. 250 $aNuova edizione aggiornata e ampliata: febbraio 2026 260 $aVenezia :$bMarcianum Press,$c©2026. 300 $a590 pagine ;$c20 cm 336 $atesto$btxt$2rdacontent 337 $asenza mediazione$bn$2rdamedia 338 $avolume$bnc$2rdacarrier 490 1 $aMetafisica ;$v4 504 $aBibliografia: pagine 577-586. 600 14$aSeverino, Emanuele,$d1929-$xFilosofia.$0(OLS)http://pul/subject/26612 700 1 $aPriest, Graham,$d1948-,$eautore di prefazione.$0(OLS)http://pul/name/114979 700 1 $aTestoni, Ines,$d1957-,$eautore di prefazione.$0(OLS)http://pul/name/90716 700 1 $aSacco, Damiano,$eautore di prefazione.$0(OLS)http://pul/name/114980 700 1 $aSeverino, Emanuele,$d1929-2020,$eautore di postfazione/colophon.$0(OLS)http://pul/name/4702 700 1 $aMessinese, Leonardo,$d1955-,$eautore di postfazione/colophon.$0(OLS)http://pul/name/35125 830 0$aMetafisica.$bMarcianum Press ;$v4.$0(OLS)http://pul/title/220258 850 $aPUL 852 $aPUL$W1$xSL Filosofia 3$y81$m195 GOGGI 1$j202455$qDDC 21$B207866$CPULBib$Z2$F207866 $H138570 $82 852 $aPUL$W1$xDP2 Filosofia 3$y112$m195 GOGGI 1B$j202456$qDDC 21$q$a2.copia$B207867$CPULBib$Z2$F207867 $H138569 $81 941 1 $a9 996 $6020$z979-12-5627-154-2*$9(OLS)http://pul/number/170942 996 $6082$a195$9(OLS)http://pul/classification/342 996 $6245$aEmanuele Severino :$bil filosofo dell'eternità$9(OLS)http://pul/title/220257 996 $6260$aVenezia :$bMarcianum Press$9(OLS)http://pul/publisher/79046